| 000 | 00627nam a2200229Ia 4500 | ||
|---|---|---|---|
| 003 | GCL | ||
| 008 | 140319s9999 xx 000 0 ara d | ||
| 040 |
_aGCL / _cGCL |
||
| 082 | 0 | 4 |
_a641.5 _bع د |
| 100 | 1 | _aعديلة عزيز | |
| 245 | 1 | 0 |
_aدليل الاسرة فى السطح الحديث / _cعديلة عزيز |
| 260 |
_a[S.N] : _bدليل الاسرة ، _c1991 |
||
| 300 | _a215 ص | ||
| 490 | _a | ||
| 650 | 0 | 4 | _aالاقتصاد المنزلى |
| 650 | 0 | 4 | _aالتغذية |
| 650 | 0 | 4 | _aالاغذية |
| 650 | 0 | 4 | _aالدواجن |
| 650 | 0 | 4 | _aاللحوم |
| 650 | 0 | 4 | _aالطهى |
| 942 |
_2ddc _cBK |
||
| 999 |
_c29751 _d29751 |
||